| 000 | 00737nam a22002057a 4500 | ||
|---|---|---|---|
| 005 | 20130906155551.0 | ||
| 010 | _aB-512533-537 | ||
| 020 |
_a9788125047551 _c650.00 |
||
| 035 | _aB-512533-537 | ||
| 037 |
_aBSB/Ven _bDPL |
||
| 082 | _a791.430954 | ||
| 100 | _aBasu, Anustup | ||
| 245 |
_aBollywood in the age of new media/ _cby Anustup Basu |
||
| 260 |
_aNew Delhi _bOrient Blackswan Pvt. Ltd. |
||
| 270 |
_aOrient Blackswan Pvt. Ltd.,1/24 Asaf Ali Road, _bNew Delhi _e110002 _mdelhi@orientblackswan.com |
||
| 300 |
_ax,262p. _bill. _c19cm.(Pbk) |
||
| 500 | _aInclude Indexing | ||
| 942 |
_2ddc _cEN _mBAS _h791.430954 |
||
| 999 |
_c78753 _d78753 |
||